Statistics for [Geometry Dash] Extreme Demons by Letter - Z

Click here to take the quiz!

General Stats

  • This quiz has been taken 57 times
  • The average score is 5 of 6

Answer Stats

PublisherAnswer% Correct
BIANOXZodiac
97%
DarwinZAPHKIEL
78%
JenkinsZettabyte
78%
KapinapiZiroikapi
78%
MikeWheelerFanZiroikabi
76%
HJfodZenith
54%

Score Distribution

Percentile by Number Answered

Percent of People with Each Score

Your Score History

You have not taken this quiz